LEADER 01823nas 2200613- 450 001 9910286415203321 005 20230215213018.0 011 $a2092-6456 035 $a(OCoLC)501200691 035 $a(CKB)110978984446397 035 $a(CONSER)--2019205568 035 $a(DE-599)ZDB2549899-X 035 $a(EXLCZ)99110978984446397 100 $a20100121a19989999 --- a 101 0 $aeng 135 $aur||||||||||| 181 $ctxt$2rdacontent 182 $cc$2rdamedia 183 $acr$2rdacarrier 200 00$aFood science and biotechnology 210 1$aSeoul, Korea :$cKorean Society of Food Science and Technology 210 31$a[Singapore] :$cSpringer Singapore 215 $a1 online resource 300 $aRefereed/Peer-reviewed 311 $a1226-7708 517 1 $aFSB 531 $aFOODS AND BIOTECHNOLOGY 531 $aFOOD SCI BIOTECHNOL 531 $aFOOD SCIENCE & BIOTECHNOLOGY 531 $aFOOD SCI. BIOTECHNOL 531 0 $aFood sci. biotechnol. 606 $aFood$xBiotechnology$vPeriodicals 606 $aFood Technology 606 $aBiotechnology 606 $aFood$xBiotechnology$2fast$3(OCoLC)fst00930473 606 $aLebensmittelwissenschaft$2gnd 606 $aLebensmitteltechnologie$2gnd 606 $aBiotechnologie$2gnd 608 $aPeriodical 608 $aPeriodicals.$2fast 608 $aPeriodicals.$2lcgft 615 0$aFood$xBiotechnology 615 12$aFood Technology 615 22$aBiotechnology 615 7$aFood$xBiotechnology. 615 7$aLebensmittelwissenschaft 615 7$aLebensmitteltechnologie 615 7$aBiotechnologie 676 $a664.005 712 02$aHan'guk Sikp'um Kwahakhoe, 906 $aJOURNAL 912 $a9910286415203321 996 $aFood science and biotechnology$92245746 997 $aUNINA LEADER 02597nam 2200877z- 450 001 9910743286903321 005 20230911 035 $a(CKB)5690000000228478 035 $a(oapen)doab114012 035 $a(EXLCZ)995690000000228478 100 $a20230920c2023uuuu -u- - 101 0 $aeng 135 $aurmn|---annan 181 $ctxt$2rdacontent 182 $cc$2rdamedia 183 $acr$2rdacarrier 200 00$aEmbracing Online Pedagogy: The New Normal for Higher Education 210 $cMDPI - Multidisciplinary Digital Publishing Institute$d2023 215 $a1 online resource (198 p.) 311 08$a3-0365-8623-7 517 $aEmbracing Online Pedagogy 606 $aEducation$2bicssc 606 $aHistory$2bicssc 610 $aaccounting 610 $ablended learning 610 $aChinese as a foreign language (CFL) 610 $aChinese culture 610 $aclickstream data 610 $acompanies 610 $acoping strategies 610 $aCOVID-19 610 $acultural study 610 $adifferential equations 610 $adigital learning environments 610 $adistance learning 610 $aeducation in emergency 610 $aEducational Data Mining 610 $aeducational innovation 610 $aemotional well-being 610 $aengagement 610 $aengineering education 610 $aEnglish vocabulary learning and teaching 610 $ahigher education 610 $ahigher education (HE) 610 $ainsomnia 610 $ainstitutional support 610 $ainteractive strategies 610 $aintervention program 610 $alearner engagement 610 $alearning analytics 610 $aLearning Analytics 610 $amainland China 610 $amathematical modeling 610 $amathematics education 610 $amobile-assisted language learning (MALL) 610 $aonline learning 610 $aonline teaching 610 $aperceived usefulness 610 $aprogress in learning 610 $aSTEM 610 $astress 610 $astudent engagement 610 $astudent performance prediction 610 $astudent retention 610 $astudent success 610 $asupport for engagement 610 $ateaching anxiety 610 $avisualizing web application 610 $aVooV Meeting 610 $aWeChat 615 7$aEducation 615 7$aHistory 906 $aBOOK 912 $a9910743286903321 996 $aEmbracing Online Pedagogy: The New Normal for Higher Education$93560385 997 $aUNINA LEADER 00775nas 2200289zu 450 001 9911056225403321 005 20260218111517.0 011 $a2982-1975 035 $a(CKB)45004200200041 035 $a(DE-599)ZDB3234012-6 035 $a(DE-599)3234012-6 035 $a(EXLCZ)9945004200200041 100 $a20260124cuuuuuuuu || | 101 0 $aeng 135 $aur||||||||||| 200 00$aJournal of Medicinal Natural Products 210 $aAustralia: $cScilight Press Pty Ltd 610 0$anatural products 610 0$abioactivities 610 0$abiochemistry 610 0$apharmacology 610 0$asynthesis 610 0$amedicine 906 $aJOURNAL 912 $a9911056225403321 996 $aJournal of Medicinal Natural Products$94530427 997 $aUNINA